000
00502nam a2200181Ia 4500
008
100917s9999 xx 000 0 und d
082
_b
27388
100
_a
बोरकर लक्ष्मीदास
245
_a
सुगंधा
260
_b
फॉरवर्ड पब्लिकेशन
300
_a
151
365
_b
10
520
_a
कादंबरी
630
_a
सुगंधा
650
_a
कादंबरी
730
_a
सुगंधा
942
_c
BOOK
999
_c
632782
_d
632779